LEADER 01474nam 2200409 450 001 000018080 005 20050718115700.0 010 $a3-82585340-3 100 $a20050314d2001----km-y0itay0103----ba 101 0 $ager 102 $aDE 200 1 $aIn proposito paupertatis$estudien zum Armutsverstandnis bei den mittelalterlichen Bettelorden$fGert Melville, Annette Kehnel (Hrsg.) 210 $aMunster$cLIT$d2001 215 $a236 p.$d24 cm. 225 2 $aVita regularis$eOrdungen und Deutungen religiosen Lebens im Mittelalter$v13 300 $aAtti di convegno 410 0$12001$aVita regularis 606 $aOrdini religiosi mendicanti$xStoria$yMedioevo 676 $a271.06$v(21. ed.)$9Ordini religiosi mendicanti 700 1$aMelville,$bGert$0238802 701 1$aKehnel,$bAnnette$0442633 801 0$aIT$bUniversità della Basilicata - B.I.A.$gRICA$2unimarc 912 $a000018080 996 $aIn proposito paupertatis$984012 997 $aUNIBAS BAS $aMONLET BAS $aMONOGR BAS $aLETTERE CAT $aDILEO$b21$c20050314$lBAS01$h1432 CAT $aDILEO$b01$c20050315$lBAS01$h1238 CAT $c20050601$lBAS01$h1756 CAT $abatch$b01$c20050718$lBAS01$h1053 CAT $c20050718$lBAS01$h1112 CAT $c20050718$lBAS01$h1142 CAT $c20050718$lBAS01$h1157 FMT Z30 -1$lBAS01$LBAS01$mBOOK$1BASA4$APolo di Matera$2DID$BDidattica$3MSR-411-42$6102763$5L102763$820050310$f04$FPrestabile Didattica LEADER 02140nam 22005775u 450 001 9910157464303321 005 20211006144923.0 010 $a9783318035827 010 $a3318035823 035 $a(CKB)3780000000101472 035 $a(OCoLC)1046108628 035 $a(SZ-BaSKA)219221 035 $a(MiAaPQ)EBC31867028 035 $a(Au-PeEL)EBL31867028 035 $a(EXLCZ)993780000000101472 100 $a20211006d1976 uy 0 101 0 $ager 135 $aurunu||||| 181 $ctxt$2rdacontent 182 $cc$2rdamedia 183 $acr$2rdacarrier 200 10$aErnährung und Alkoholismus : $eVorträge des Symposiums in Zürich, Oktober 1974, veranstaltet vom Institut für Ernährungsforschung der Stiftung «Im Grüene» / $f editor, J.C. Somogyi 205 $a1st ed. 210 $aBasel : $cS. Karger, $d1976 215 $a1 online resource (IV + 138 pages) : $c 42 figures, 40 tables 225 1 $aIssn Series 311 08$a9783805523769 311 08$a3805523769 327 $a978-3-8055-2376-9_Cover -- 978-3-8055-2376-9_00I -- 978-3-8055-2376-9_001 -- 978-3-8055-2376-9_007 -- 978-3-8055-2376-9_017 -- 978-3-8055-2376-9_032 -- 978-3-8055-2376-9_040 -- 978-3-8055-2376-9_052 -- 978-3-8055-2376-9_059 -- 978-3-8055-2376-9_069 -- 978-3-8055-2376-9_070 -- 978-3-8055-2376-9_085 -- 978-3-8055-2376-9_094 -- 978-3-8055-2376-9_100 -- 978-3-8055-2376-9_118 -- 978-3-8055-2376-9_122 -- 978-3-8055-2376-9_129. 410 0$aIssn Series 606 $aNutrition 606 $aMetabolism 606 $aPreventive Medicine 606 $aPsychology 606 $aSocial Medicine 615 14$aNutrition 615 14$aMetabolism 615 14$aPreventive Medicine 615 14$aPsychology 615 14$aSocial Medicine 676 $a613.2 s 676 $a613.2 700 $aSomogyi$b J.C 701 0$aSomogyi$b Johann Carl$01230448 712 02$aStiftung "Im Gru?ene" (Switzerland).$bInstitut fu?r Erna?hrungsforschung. 801 0$bUKSKG 801 1$bUKSKG 906 $aBOOK 912 $a9910157464303321 996 $aErnährung und Alkoholismus$92856686 997 $aUNINA